| 000 | 00758nam a2200193 4500 | ||
|---|---|---|---|
| 001 | 138676 | ||
| 003 | ES-MaACL | ||
| 005 | 20250730165128.0 | ||
| 007 | t| | ||
| 008 | 070214s1966 sp r ||||1| spa d | ||
| 100 | 1 |
_aSantiago, Rodrigo A. de. _9103386 |
|
| 245 | 1 | 0 |
_aAlgunas consideraciones sobre Marcial del Adalid y el romanticismo de su música para piano / _cRodrigo A. de Santiago. |
| 260 |
_aLa Coruña : _bInstituto José Cornide de Estudios Coruñeses, _c1966. |
||
| 300 |
_a4 h. ; _c22 cm. |
||
| 500 | _aEs tirada aparte de: Revista del Instituto José Cornide de Estudios Coruñeses, año II, nº 2. | ||
| 710 | 2 |
_aInstituto "José Cornide" de Estudios Coruñeses _95109 |
|
| 852 |
_aES-MaACL _j2075-F-2 _bR.75215 |
||
| 999 |
_c138676 _d138676 |
||